Complete the Song Title #10 - Statistics

General Stats
  • This quiz has been taken 22 times
  • The average score is 4 of 15
Answer Stats
Artist/Band Song % Correct
Simple Minds Don't {You} (Forget About Me)
76%
Journey Any Way You Want {It}
71%
Jamie Foxx Blame {It}
71%
Journey Don't Stop {Believin'}
62%
Journey Separate {Ways} (Worlds Apart)
33%
Simple Minds Alive And {Kicking}
29%
Saweetie Best {Friend}
29%
Lil Yachty One {Night}
5%
The Paper Kites On the Train Ride {Home}
5%
Yiyo Sarante Corazon de {Acero}
0%
The Paper Kites For All You {Give}
0%
Yiyo Sarante Manos de {Tijera}
0%
Saweetie My {Type}
0%
Jamie Foxx The City's {Yours}
0%
Lil Yachty Yacht {Club}
0%
No matching quizzes found
Score Distribution
Percent of People with Each Score
Percentile by Number Answered
Your Score History
You have not taken this quiz